|
|
|
|
| LEADER |
00683cam a2200193 7i4500 |
| 001 |
0000004463 |
| 005 |
20170218090000.0 |
| 020 |
|
|
|a 9780471486824
|
| 020 |
|
|
|a 0471486825 (hbk.)
|
| 090 |
0 |
0 |
|a TA347.F5
|b W56 2003
|
| 100 |
1 |
|
|a Wolf, John P
|
| 245 |
1 |
4 |
|a The scaled boundary finite element method
|c John P. Wolf.
|
| 260 |
|
|
|a Chichester, West Sussex:
|b John Wiley & Sons Ltd.,
|c 2003.
|
| 300 |
|
|
|a xv, 361p.:
|b col. ill.;
|c 25 cm.
|
| 504 |
|
|
|a Includes bibliographical references and index
|
| 650 |
0 |
0 |
|a Boundary element methods
|
| 650 |
0 |
0 |
|a Finite element method
|
| 997 |
|
|
|a Engineering, Faculty
|b Engineering, Department
|
| 999 |
|
|
|a 0000005617
|b BOK
|c OPEN SHELF
|e 2nd Floor, Bestari Jaya
|